Madness UK Top 40 Singles - Statistics

General Stats
  • This quiz has been taken 69 times
  • The average score is 12 of 28
Answer Stats
Year Peak Single % Correct
1980 3 Baggy Trousers
94%
1982 1 House Of Fun
87%
1982 5 Our House
87%
1981 4 It Must Be Love
78%
1980 3 My Girl
78%
1980 6 Night Boat To Cairo
74%
1979 7 One Step Beyond
65%
1980 4 Embarrassment
63%
1983 2 Wings Of A Dove
63%
1979 16 The Prince
59%
1981 4 Grey Day
52%
1982 4 Driving In My Car
50%
1984 11 Michael Caine
50%
1981 7 Shut Up
43%
1983 5 The Sun And The Rain
43%
1982 14 Cardiac Arrest
41%
1985 21 Uncle Sam
37%
1999 10 Lovestruck
35%
1983 8 Tomorrow's (Just Another Day)
33%
1984 17 One Better Day
26%
1986 18 (Waiting For) The Ghost Train
17%
1985 18 Yesterday's Men
15%
2008 24 NW5
11%
1986 35 The Sweetest Girl
9%
2005 38 Shame & Scandal
2%
2007 23 Sorry
2%
1981 7 The Return Of Los Palmas Seven
2%
1993 30 The 2 Tone
0%
No matching quizzes found
Score Distribution
Percent of People with Each Score
Percentile by Number Answered
Your Score History
You have not taken this quiz